Ako formovať podnikovú kultúru

Ciele podnikovej kultúry. Základné predpoklady podnikovej kultúry. Silná podniková kultúra, jej prednosti a nedostatky. Zmena podnikovej kultúry.

Gespeichert in:
Bibliographische Detailangaben
1. Verfasser: Kachaňáková, Anna
Format: Buchkapitel
Sprache:Slowakisch
Schlagworte:
Tags: Tag hinzufügen
Keine Tags, Fügen Sie das erste Tag hinzu!

MARC

LEADER 00000naa a2200000 4500
001 r032864
005 20230928080236.5
041 0 |a slo 
044 |a SK 
245 1 0 |a Ako formovať podnikovú kultúru  |c Anna Kachaňáková 
520 |a Ciele podnikovej kultúry. Základné predpoklady podnikovej kultúry. Silná podniková kultúra, jej prednosti a nedostatky. Zmena podnikovej kultúry. 
610 2 0 |a kultúra podniková 
610 2 0 |a podnikatelia 
610 2 0 |a podnik 
610 2 0 |a pracovníci 
610 2 0 |a stratégia podniková 
610 2 0 |a manažéri 
100 1 |a Kachaňáková, Anna